2016 MLB Playoff Pitchers - Statistics

General Stats
  • This quiz has been taken 146 times
  • The average score is 13 of 27
Answer Stats
Hint Answer % Correct
Los Angeles Dodgers Clayton Kershaw
91%
Chicago Cubs Jon Lester
86%
Chicago Cubs Jake Arrieta
84%
San Francisco Giants Madison Bumgarner
84%
Cleveland Indians Corey Kluber
81%
Washington Nationals Max Scherzer
81%
Chicago Cubs Kyle Hendricks
74%
Boston Red Sox David Price
59%
Texas Rangers Cole Hamels
58%
Cleveland Indians Trevor Bauer
58%
Boston Red Sox Rick Porcello
52%
Chicago Cubs John Lackey
50%
Texas Rangers Yu Darvish
49%
Washington Nationals Gio Gonzalez
42%
Toronto Blue Jays Aaron Sanchez
40%
Los Angeles Dodgers Rich Hill
36%
Toronto Blue Jays Marco Estrada
32%
Cleveland Indians Josh Tomlin
31%
Los Angeles Dodgers Kenta Maeda
31%
Toronto Blue Jays J.A. Happ
28%
Boston Red Sox Eduardo Rodriguez
23%
San Francisco Giants Jeff Samardzija
23%
Boston Red Sox Clay Buchholz
22%
Washington Nationals Tanner Roark
21%
Texas Rangers Colby Lewis
13%
Toronto Blue Jays Marcus Stoman
7%
San Francisco Giants Johnny Cuerto
5%
No matching quizzes found
Score Distribution
Percent of People with Each Score
Percentile by Number Answered
Your Score History
You have not taken this quiz